Cosmología /

Guardado en:
Autor Principal: Gangui, Alejandro
Formato: Libro
Publicado: Buenos Aires : Ministerio de Educación, 2009
Series:Colección las ciencias naturales y la matemática / dirigida por Juan Manuel Kirschenbaum
Materias:
Etiquetas: Agregar Etiqueta
Sin Etiquetas, Sea el primero en etiquetar este registro!
LEADER 01142nam a22002535a 4500
001 CEM.cems013347
005 20100507092043.0
008 130507s2009##################000#0#####d
003 CEMS
020 |a 9789500007092 
082 0 4 |a 520 
100 1 |a Gangui, Alejandro 
245 1 0 |a Cosmología /  |c Alejandro Gangui 
260 |a Buenos Aires :  |b Ministerio de Educación,  |c 2009 
300 |a 172 p. 
490 0 |a Colección las ciencias naturales y la matemática / dirigida por Juan Manuel Kirschenbaum 
505 0 |a Qué es la cosmología? -- Una historia sucinta del universo -- Universo en expansión -- Pilares del Big Bang -- Limitaciones de los modelos: la inflación -- Planetas extrasolares 
653 |a Cosmología 
859 |a CEMS  |b BIB. CEMS - 11 de abril  |h 520  |i G155  |p 25851.10  |t Ej.1 
859 |a CEMS  |b BIB. CEMS - Agricultura  |h 501  |i G155  |p A1133.10  |t Ej.1 
859 |a CEMS  |b BIB. CEMS - Agricultura  |h 501  |i G155  |p A1134.10  |t Ej.2 
859 |a CEMS  |b BIB. CEMS - Agricultura  |h 501  |i G155  |p A1135.10  |t Ej.3 
859 |a CEMS  |b BIB. CEMS - Agricultura  |h 501  |i G155  |p A1136.10  |t Ej.4 
859 |a CEMS  |b BIB. CEMS - Agricultura  |h 501  |i G155  |p A1137.10  |t Ej.5